LIBRARY & INFORMATION CENTRE, KCAET, TAVANUR

ONLINE PUBLIC ACCESS CATALOGUE (OPAC)

Small gasoline engines / (Record no. 9179)

MARC details
000 -LEADER
fixed length control field 00440cam a2200169ua 4500
041 ## - LANGUAGE CODE
Language code of text/sound track or separate title eng
082 ## - DEWEY DECIMAL CLASSIFICATION NUMBER
Classification number 621.434
Item number STE/SM
100 ## - MAIN ENTRY--AUTHOR NAME
Personal name Stephenson, George E .
245 ## - TITLE STATEMENT
Title Small gasoline engines /
260 ## - PUBLICATION, DISTRIBUTION, ETC. (IMPRINT)
Place of publication New York :
Name of publisher Van Nostrand Reinhold Company ,
Year of publication 1978.
300 ## - PHYSICAL DESCRIPTION
Number of Pages 256 ; .
942 ## - ADDED ENTRY ELEMENTS (KOHA)
Koha item type Books
Holdings
Withdrawn status Lost status Damaged status Home library Current library Date acquired Full call number Accession Number Koha item type
      KAUAET KAUAET 19/08/1986 621.434 15357 Books
free website counter